| 000 | 00685nam a2200229Ia 4500 | ||
|---|---|---|---|
| 003 | OSt | ||
| 005 | 20241016144721.0 | ||
| 008 | 210716s2013 xx 000 0 und d | ||
| 020 | _a9781107619166 | ||
| 040 | _cAIMIT LIBRARY | ||
| 041 | _aeng | ||
| 082 |
_a511.2 _21 _bASAA |
||
| 100 |
_aAsano, Akihito. _9182546 |
||
| 245 |
_aIntroduction to mathematics for economics / _cBy Akihito Asano. |
||
| 250 | _a1st ed. | ||
| 260 |
_aNew Delhi : _bCambridge University Press , _c2013. |
||
| 300 |
_ax,267p. ; _bPB _c25 cm |
||
| 650 |
_aBasic mathematics _9182547 |
||
| 650 |
_aDifferential calculus 1 _9182548 |
||
| 650 |
_aIntegral calculus _9182549 |
||
| 942 |
_2ddc _cBK _e1st _k511.2 ASAA |
||
| 999 |
_c208688 _d208688 |
||